Music Quiz

Random Music Quiz

70s Top 10: #3 (audio) Quiz Stats

 Plays Quiz not verified by Sporcle

Challenge
Share
Tweet
Score 0/40 Timer 10:00
0 Plays Today
Time Title % Correct
3:20 - 3:25Don't Stop
91.4%
0:12 - 0:18Fire And Rain
87.9%
0:00 - 0:05Signed, Sealed, Delivered (I'm Yours)
87.1%
0:06 - 0:11In The Summertime
85.3%
1:46 - 1:52Smokin' In The Boy's Room
84.5%
1:59 - 2:05The Entertainer
84.5%
2:39 - 2:45You Sexy Thing
84.5%
4:20 - 4:26The Devil Went Down To Georgia
82.8%
4:00 - 4:06My Life
73.3%
3:26 - 3:32Blue Bayou
72.4%
3:47 - 3:52Hopelessly Devoted To You
71.6%
2:06 - 2:12Tell Me Something Good
70.7%
2:46 - 2:52Fooled Around And Fell In Love
69.8%
1:12 - 1:18If You Don't Know Me By Now
68.1%
2:13 - 2:18Wildfire
68.1%
3:40 - 3:46Take A Chance On Me
65.5%
3:33 - 3:39It's A Heartache
64.7%
1:39 - 1:45Shambala
62.1%
0:32 - 0:38Treat Her Like A Lady
60.3%
1:06 - 1:11I'll Be Around
60.3%
Time Title % Correct
3:00 - 3:06Lowdown
58.6%
4:13 - 4:19In The Navy
57.8%
2:19 - 2:25Miracles
56.9%
2:26 - 2:32Who Loves You
56.9%
4:07 - 4:12Music Box Dancer
55.2%
0:25 - 0:31Lonely Days
50%
3:13 - 3:19Couldn't Get It Right
50%
2:33 - 2:38Sky High
49.1%
3:53 - 3:59How Much I Feel
45.7%
1:53 - 1:58Spiders & Snakes
44.8%
1:26 - 1:32Last Song
42.2%
0:59 - 1:05Back Stabbers
38.8%
2:53 - 2:59Misty Blue
35.3%
3:07 - 3:12I Like Dreamin'
35.3%
0:46 - 0:52Yo-Yo
31.9%
0:39 - 0:45Smiling Faces Sometimes
30.2%
1:19 - 1:25Oh Babe, What Would You Say?
30.2%
0:53 - 0:58I'm Still In Love With You
26.7%
1:33 - 1:38Pillow Talk
25%
0:19 - 0:24Gypsy Woman
22.4%

You're not logged in!

Compare scores with friends on all Sporcle quizzes.
Join for Free
OR
Log In

You Might Also Like...

Show Comments

Extras

Created Sep 20, 2013SourceReportNominate
Tags:1970s

Top Quizzes Today


Score Distribution

Your Account Isn't Verified!

In order to create a playlist on Sporcle, you need to verify the email address you used during registration. Go to your Sporcle Settings to finish the process.

Report this User

Report this user for behavior that violates our Community Guidelines.

Details: